Philosophical Issues in Human Rights (Record no. 23550)
[ view plain ]
| 000 -LEADER | |
|---|---|
| fixed length control field | 00426nam a2200181Ia 4500 |
| 003 - CONTROL NUMBER IDENTIFIER | |
| control field | 0100 |
| 008 - FIXED-LENGTH DATA ELEMENTS--GENERAL INFORMATION | |
| fixed length control field | 130303s9999 xx 000 0 und d |
| 040 ## - CATALOGING SOURCE | |
| Transcribing agency | ARRUPELIB |
| 050 ## - LIBRARY OF CONGRESS CALL NUMBER | |
| Classification number | JC571.P47 1985 |
| 100 ## - MAIN ENTRY--PERSONAL NAME | |
| Personal name | Werhane, Patricia H |
| 245 ## - TITLE STATEMENT | |
| Title | Philosophical Issues in Human Rights |
| 245 ## - TITLE STATEMENT | |
| Remainder of title | Theories and Applications |
| 260 ## - PUBLICATION, DISTRIBUTION, ETC. (IMPRINT) | |
| Place of publication, distribution, etc | NY |
| 260 ## - PUBLICATION, DISTRIBUTION, ETC. (IMPRINT) | |
| Name of publisher, distributor, etc | Random House, INC |
| 260 ## - PUBLICATION, DISTRIBUTION, ETC. (IMPRINT) | |
| -- | 1985 |
| 300 ## - PHYSICAL DESCRIPTION | |
| Extent | 499p |
| 942 00 - ADDED ENTRY ELEMENTS (KOHA) | |
| Koha issues (borrowed), all copies | 2 |
| Withdrawn status | Lost status | Source of classification or shelving scheme | Damaged status | Not for loan | Collection code | Home library | Current library | Shelving location | Date acquired | Total Checkouts | Full call number | Barcode | Date last seen | Date checked out | Copy number | Price effective from | Koha item type |
|---|---|---|---|---|---|---|---|---|---|---|---|---|---|---|---|---|---|
| Library of Congress Classification | Main Collection | ARRUPE LIBRARY | ARRUPE LIBRARY | 04/03/2013 | 2 | JC571.P47 1985 | 46003049613 | 09/10/2023 | 03/10/2023 | 1 | 04/03/2013 | Monograph ( Printed materials) | |||||
| Library of Congress Classification | Main Collection | ARRUPE LIBRARY | ARRUPE LIBRARY | 04/03/2013 | 4 | JC571.P47 1985 | 46003049628 | 22/04/2022 | 28/02/2022 | 2 | 04/03/2013 | Monograph ( Printed materials) |